000 00537nam a2200217Ia 4500
003 OSt
005 20230518163449.0
008 210423s2014 xx 000 0 und d
020 _a978-0-19-562761-9
040 _cAL
041 _aeng
082 _a174.4
_223
_bSENO
100 _aSEN (Amartya)
_9109057
245 _aOn ethics and economics
260 _aNew Delhi
_bOxford University Press
_c2014
300 _ax,131
_bPB
365 _b245
_cINR
650 _aEthics
_9109058
906 _aeconomics ; ethics
942 _2ddc
_cBK
999 _c166808
_d166808